00548nam a2200193Ia 4500003000400000008004100004040001600045082001700061100002100078245009500099260004200194300001000236650001500246650001300261650002200274650001800296650001500314650002500329GCL140319s9999 xx 000 0 eng d aGCL / cGCL04a658.409bW P1 aWATTS, GEORGE W.10aPOWER VISION: HOW TO UNLOCK THE SIX DINENSIONS OF EXECUTIVE POTENTIAL / cWATTS, GEORGE W. a[S.N] : bBUSNESS ONE INWIN ، c1993 a208 P04aMANAGEMENT04aBUSINESS04aDECISION - MAKING04aCOMMUNICATION04aDEVELOPING04aDEVELOPING COUNTRIES